Name the WNBA Team by City - Statistics

General Stats
  • This quiz has been taken 110 times
  • The average score is 11 of 12
Answer Stats
City/State Team % Correct
Las Vegas Aces
96%
Indiana Fever
96%
New York Liberty
96%
Minnesota Lynx
96%
Chicago Sky
95%
Connecticut Sun
91%
Los Angeles Sparks
90%
Seattle Storm
90%
Atlanta Dream
89%
Washington Mystics
87%
Dallas Wings
87%
Phoenix Mercury
86%
No matching quizzes found
Score Distribution
Percent of People with Each Score
Percentile by Number Answered
Your Score History
You have not taken this quiz